| 000 | 00338nam a22001097a 4500 | ||
|---|---|---|---|
| 082 |
_a349.42 _bENG |
||
| 245 |
_aEnglish Legal System: _b2000-2001 LLB Examination Questions and Suggested Solutions / _cSolutions by Vickneswaren Krishnan |
||
| 260 |
_aLondon: _bOld Bailey Press, _c2002. |
||
| 300 | _a66 p. | ||
| 563 | _aPB. | ||
| 942 |
_2ddc _cBK |
||
| 999 |
_c613829 _d613829 |
||